MAGIC KITTEN (Record no. 7589)
[ view plain ]
| 000 -LEADER | |
|---|---|
| fixed length control field | 00326nam a22001337a 4500 |
| 020 ## - INTERNATIONAL STANDARD BOOK NUMBER | |
| ISBN | 978-0-141-32155-4 |
| 082 ## - DEWEY DECIMAL CLASSIFICATION NUMBER | |
| Classification number | 823 |
| Item number | BEN/M |
| 100 ## - MAIN ENTRY--AUTHOR NAME | |
| Personal name | BENTLEY, SUE |
| 245 ## - TITLE STATEMENT | |
| Title | MAGIC KITTEN |
| Remainder of title | SPARKLING STEPS |
| 260 ## - PUBLICATION, DISTRIBUTION, ETC. (IMPRINT) | |
| Place of publication | LONDON |
| Name of publisher | PUFFIN BOOKS |
| Year of publication | 2007 |
| 300 ## - PHYSICAL DESCRIPTION | |
| Number of Pages | 115 |
| 650 ## - SUBJECT ADDED ENTRY--TOPICAL TERM | |
| Topical Term | CHILDREN'S STORY BOOK |
| Geographic subdivision | UNITED KINGDOM |
| 942 ## - ADDED ENTRY ELEMENTS (KOHA) | |
| Koha item type | Books |
| Withdrawn status | Lost status | Collection code | Home library | Current library | Shelving location | Date acquired | Source of acquisition | Full call number | Accession Number | Koha item type |
|---|---|---|---|---|---|---|---|---|---|---|
| Fiction | Main Library | Main Library | SHELF 4-B ANIMAL ARK | 26/03/2014 | purchase | 823 BEN/M | 08237 | Books |